Metodika ekologickej únosnosti krajiny

Podrobná bibliografia
Hlavný autor: Hrnčiarová, Tatiana (Author)
Médium: Článok
Jazyk:Slovak
English
Témy:
Zdroj: 1. Životné prostredie 1. Roč. 43, č. 2 (2009), s. 78-79 1. 0044-4863
LEADER 00884nab#a2200313#ar4500
001 000096813
003 SVKKK
005 20090804103318.0
008 090619c2009 xo |||||||||||||||b|slo
FMT
015 |a SNBRB2009/08 
038 |a SVKKK 
040 |a SVKKK  |b slo  |e AACR2 
041 0 |a slo  |a eng 
044 |a xo  |c SK 
080 |a 504.54  |x (437.6)  |2 1997 
100 1 |a Hrnčiarová, Tatiana  |4 aut 
245 1 0 |a Metodika ekologickej únosnosti krajiny  |c Tatiana Hrnčiarová 
246 3 1 |a Methodology of ecological carrying capacity of landscape 
504 |a Bibliogr. odkazy 
650 0 4 |a ekologická únosnosť krajiny  |x vlastnosti krajiny  |x procesy  |x vzťahy  |z Slovensko  |x metodiky 
773 0 |t Životné prostredie  |g Roč. 43, č. 2 (2009), s. 78-79  |x 0044-4863 
958 |a NB 
974 |a MI 
992 |a RBX 
BAS
852 |a SVKKK  |b BIB 
EXP
998 |a SLO